Statistics for Daily U.S. State Riddle #31

Click here to take the quiz!

General Stats

  • This quiz has been taken 80 times
  • The average score is 33 of 38

Answer Stats

TypeAnswer% Correct
Alphabet LetterA
100%
Alphabet LetterE
100%
Alphabet LetterH
100%
Found LetterS
100%
Alphabet LetterT
100%
Alphabet LetterO
99%
Found LetterI
97%
Found LetterM
97%
Alphabet LetterN
97%
Alphabet LetterC
96%
Alphabet LetterL
96%
Alphabet LetterR
96%
Alphabet LetterU
96%
Alphabet LetterG
93%
Alphabet LetterW
93%
Alphabet LetterY
92%
Alphabet LetterK
90%
Alphabet LetterD
89%
Alphabet LetterV
89%
Found LetterP
88%
Alphabet LetterF
85%
Alphabet LetterX
85%
Alphabet LetterB
81%
Correctly Placed LetterI
78%
Alphabet LetterJ
78%
Alphabet LetterZ
75%
Correctly Placed Letter
I
74%
Correctly Placed LetterI
74%
Correctly Placed LetterI
74%
Correctly Placed LetterM
74%
Mystery U.S. StateMississippi
74%
Correctly Placed LetterP
74%
Correctly Placed LetterP
74%
Alphabet LetterQ
74%
Correctly Placed LetterS
74%
Correctly Placed LetterS
74%
Correctly Placed LetterS
74%
Correctly Placed LetterS
74%

Score Distribution

Percentile by Number Answered

Percent of People with Each Score

Your Score History

You have not taken this quiz